| 000 | 00819nam a22002175a 4500 | ||
|---|---|---|---|
| 003 | OSt | ||
| 005 | 20180423122251.0 | ||
| 008 | 180423s199u ua a gr 000 0dara d | ||
| 040 |
_aEG-ScBUE _bara _cEG-ScBUE |
||
| 082 | 0 | 4 |
_a730 _bن و ا _222 |
| 100 | 1 | _aنوار، أحمد. | |
| 245 | 1 | 0 |
_aمن وجوه الفيوم إلى جبل أبو غنيم : _bجسد مصري وروح عربية / _cأحمد نوار. |
| 260 |
_a[د. م. : _bد. ن.، _c?199] _e(القاهرة : _fشركة ستنرلاين) |
||
| 300 |
_a1 مج. : _bإيض. (لو.) ؛ _c24 سم. |
||
| 541 |
_aالسفير علي الحفني ؛ _cإهداء ؛ |
||
| 650 | 7 |
_aالفنون التشكيلية. _2BUEsh _922009 |
|
| 650 | 7 |
_aالفنانون التشكيليون. _2BUEsh |
|
| 651 | _2BUEsh | ||
| 653 |
_bGGEN _cApril2018 |
||
| 942 | _2ddc | ||
| 999 |
_c26568 _d26540 |
||